¿Bahía sitiada? Medios y Dictadura Proyecto Jóvenes y Memoria /

Documental realizado por estudiantes de la Escuela Normal Superior Vicente Fatone, en el marco del proyecto Jóvenes y Memoria, Recordamos para el futuro de la Comisión Provincial por la Memoria. Con registro de marchas en el marco de los Juicios a las Juntas Militares llevados a cabo en nuestra ciud...

Descripción completa

Guardado en:
Autor Principal: Estudiantes Escuela Normal Superior.
Autor Corporativo: Escuela Normal Superior "Vicente Fatone".
Formato: Deslizar
Idioma:Undetermined
Publicado: Bahía Blanca, 2012.
Materias:
Etiquetas: Agregar Etiqueta
Sin Etiquetas, Sea el primero en etiquetar este registro!
LEADER 01464ngm a22003015a 4500
001 CEM.cems019519
008 220912s2012####ag#---############vlund#d
005 20240418141542.0
245 1 0 |a ¿Bahía sitiada? Medios y Dictadura  |h [videograbación] :  |b Proyecto Jóvenes y Memoria /  |c Estudiantes de la Escuela Normal Superior. 
260 |a Bahía Blanca,  |c 2012. 
300 |a 21'. 
520 |a Documental realizado por estudiantes de la Escuela Normal Superior Vicente Fatone, en el marco del proyecto Jóvenes y Memoria, Recordamos para el futuro de la Comisión Provincial por la Memoria. Con registro de marchas en el marco de los Juicios a las Juntas Militares llevados a cabo en nuestra ciudad y entrevistas a periodistas (Carlos Quiroga, Diego Martínez y Norman Fernández, entre otros). 
538 |a Soporte: DVD -- Peso:1.12gb -- Resolución: 720 x 480 -- 29.97 fps 
590 |a D 160 
100 1 |a Estudiantes Escuela Normal Superior. 
710 2 |a Escuela Normal Superior "Vicente Fatone". 
653 |a PROYECTO JÓVENES Y MEMORIA 
653 |a COMISIÓN PROVINCIAL POR LA MEMORIA 
653 |a ESCUELA NORMAL SUPERIOR 
653 |a DICTADURA 
653 |a HISTORIA 
653 |a MEDIOS DE COMUNICACIÓN 
653 |a BAHÍA BLANCA 
653 |a LA NUEVA PROVINCIA 
653 |a TERRORISMO DE ESTADO 
653 |a DESAPARECIDOS 
653 |a JUICIO A LAS JUNTAS 
859 |a CEMS  |b BIB. CEMS - Depto. Recursos Didacticos  |h 982  |i JOV-8  |k DRD  |p 2886.22  |t Ej.1